| 000 | 02970mam a2200445 a 4500 | ||
|---|---|---|---|
| 001 | 1885289 | ||
| 003 | ZXCNNVF | ||
| 005 | 20220326193251.0 | ||
| 008 | 960423s1996 ilu b 000 0 eng | ||
| 010 | _a 96018568 | ||
| 020 | _a0226143368 (cloth) | ||
| 035 | _a(OCoLC)ocm34752547 | ||
| 035 | _a(NNC)1885289 | ||
| 040 |
_aDLC _cDLC _dYDX _dOrLoB-B |
||
| 041 | 1 |
_aeng _hfre |
|
| 050 | 0 | 0 |
_aBD181.7 _b.D4713 1996 |
| 082 | 0 | 0 |
_a194 _bD438a |
| 100 | 1 |
_aDerrida, Jacques. _9637 |
|
| 240 | 1 | 0 |
_aMal d'archive. _lEnglish |
| 245 | 1 | 0 |
_aArchive fever : _ba Freudian impression / _cJacques Derrida ; translated by Eric Prenowitz. |
| 260 |
_aChicago : _bUniversity of Chicago Press, _c1996. |
||
| 300 |
_a113 p. ; _c23 cm. |
||
| 490 | 1 | _aReligion and postmodernism | |
| 500 | _aOriginally presented as a lecture June 5, 1994, at a colloquium in London, England. | ||
| 504 | _aIncludes bibliographical references (p. 113) | ||
| 520 | _aIn his latest work, Jacques Derrida deftly guides us through an extended meditation on remembrance, religion, time, and technology - all fruitfully occasioned by a deconstructive analysis of the notion of archiving. The archival concept has of late played a pivotal role in critical debate. A place of origin, yet of perpetuity, a place of stasis and order, yet of discovery, the notion of archive houses a fascinating complex of diverse, and often disparate, meanings. | ||
| 520 | 8 | _aAs a depository of civic record and social history whose very name derives from the Greek word for town hall, the archive would seem to be a public entity, yet it is stocked with the personal, even intimate, artifacts of private lives. It is this inherent tension between public and private which inaugurates, for Derrida, an inquiry into the human impulse to preserve, through technology as well as tradition, both a historical and a psychic past. | |
| 520 | 8 | _aWhat emerges is a marvelous expansive work, engaging at once Judaic mythos, Freudian psychoanalysis, and Marxist materialism in a profound reflection on the real, the unreal, and the virtual. | |
| 520 | 8 | _aIntrigued by the evocative relationship between technologies of inscription and psychic processes, Derrida offers for the first time a major statement on the pervasive impact of electronic media, particularly e-mail, which threaten to transform the entire public and private space of humanity. Plying this rich material with characteristic virtuosity, Derrida constructs a synergistic reading of archives and archiving, both provocative and compelling. | |
| 600 | 1 | 0 |
_aFreud, Sigmund, _d1856-1939. _9638 |
| 650 | 0 |
_aMemory (Philosophy) _9639 |
|
| 650 | 0 |
_afilosofĂa _xmemoria _xpsicoanálisis _xFreud, Sigmund _9640 |
|
| 650 | 0 |
_aPsychoanalysis. _9641 |
|
| 700 |
_aJaques Derrida _9636 |
||
| 830 | 0 |
_aReligion and postmodernism. _9642 |
|
| 900 | _bTOC | ||
| 948 | 1 |
_a20061101 _bc _csl13 _dMPS |
|
| 948 | 2 |
_a20070710 _ba _crad1 _dMPS |
|
| 948 | 2 |
_a20090107 _ba _crad1 _dMPS |
|
| 999 |
_c129 _d129 |
||